Στις απαρχές της νεοελληνικής ιδεολογίας : το χρονικό της Δρόπολης

Αποθηκεύτηκε σε:
Λεπτομέρειες βιβλιογραφικής εγγραφής
Κύριος συγγραφέας: Βερνίκος, Νικόλας, 1938-
Άλλοι συγγραφείς: Δασκαλοπούλου, Σοφία
Μορφή: Βιβλίο
Γλώσσα:Greek
Δημοσίευση: Αθήνα : Τολίδης, c1999.
Σειρά:Κοινωνικές και ιστορικές μελέτες ; 2
Ετικέτες: Προσθήκη ετικέτας
Δεν υπάρχουν, Καταχωρήστε ετικέτα πρώτοι!

MARC

LEADER 00000cam a2200000 i 4500
001 1/24193
008 011123s1999 gr | ||| |||| ||gre||
020 |a 9607162412 
035 |l 10067819 
040 |a GR-MY-UA  |b gre  |e aacr 
041 0 |a gre 
082 7 |a 938.492   |2 (22) 
100 1 |a Βερνίκος, Νικόλας,   |d 1938- 
245 1 0 |a Στις απαρχές της νεοελληνικής ιδεολογίας :   |b το χρονικό της Δρόπολης /   |c Βερνίκος Νικόλας, Δασκαλοπούλου Σοφία. 
260 |a Αθήνα :   |b Τολίδης,   |c c1999.  
300 |a 336 σ. :   |b εικ. ;   |c 21 εκ. 
490 1 |a (Κοινωνικές και ιστορικές μελέτες ;   |v  2) 
504 |a Περιέχει βιβλιογραφία και ευρετήριο.  
700 1 |a Δασκαλοπούλου, Σοφία. 
830 0 |a Κοινωνικές και ιστορικές μελέτες ;  |v  2 
852 |a INST  |b LESVOS  |e 20011123  |h 938.492 ΒΕΡ  |p 005100028581  |q 005100028581  |t BK  |y 0 
852 |a INST  |b LESVOS  |e 20110608  |h 938.492 ΒΕΡ  |p 005100048920  |q 005100048920  |t BK  |y 0 
852 |a INST  |b RHODES  |e 20020213  |h 938.492 ΒΕΡ  |p 005400017174  |q 005400017174  |t BK  |y 0 
852 |a INST  |b RHODES  |e 20030604  |h 938.492 ΒΕΡ  |p 005400020333  |q 005400020333  |t BK  |y 0 
852 |a INST  |b RHODES  |e 20030530  |h 938.492 ΒΕΡ  |p 005400020458  |q 005400020458  |t BK  |y 0 
901 |a BIBL1-2001-3 
901 |a BIBL1-2011-2 
901 |a BIBL4-2002-1 
909 |a Λ  |b 099461 
909 |a Ρ  |b 084866 
909 |a Ρ  |b 101806 
909 |a Ρ  |b 101940 
909 |a Λ  |b 168057 
970 |a ΜΟΥΣΤΑΚΑ  |b ΠΗΝΕΛΟΠΗ  |z 2001/11/23